书目信息 |
| 题名: |
高速艇动力学
|
|
| 作者: | 邵世明 , 王云才 编 | |
| 分册: | ||
| 出版信息: | 上海 上海交通大学出版社 1990.8 |
|
| 页数: | 229页 | |
| 开本: | 26cm | |
| 丛书名: | ||
| 单 册: | ||
| 中图分类: | U661.3 | |
| 科图分类: | ||
| 主题词: | 船舶工程 | |
| 电子资源: | ||
| ISBN: | ||
| 000 | 00573nam0 2200205 45 | |
| 001 | 0312221749 | |
| 005 | 20031222170902.7 | |
| 010 | @dCNY2.95 | |
| 100 | @a20031222d1990 km y0chiy0120 ea | |
| 101 | @achi | |
| 105 | @a z 000yy | |
| 200 | 1 | @a高速艇动力学@AGao Su Ting Dong Li Xue@f邵世明,王云才编@FShao Shi Ming,Wang Yun Cai Bian |
| 210 | @a上海@c上海交通大学出版社@d1990.8 | |
| 215 | @a229页@d26cm | |
| 606 | 0 | @a船舶工程 |
| 690 | @aU661.3@v3 | |
| 701 | 0 | @a邵世明@4编 |
| 701 | 0 | @a王云才@4编 |
| 801 | @aCN@bTSTCL@c20031222 | |
| 905 | @a213230@dU661.3@e49@b224851@f1 | |
| 高速艇动力学/邵世明,王云才编.-上海:上海交通大学出版社,1990.8 |
| 229页;26cm |
| ISBN :CNY2.95 |
| ● |
| 相关链接 |
|
|
|
|
正题名:高速艇动力学
索取号:U661.3/49
 
预约/预借
| 序号 | 登录号 | 条形码 | 馆藏地/架位号 | 状态 | 备注 |
| 1 | 0224851 | 001486635 | 第二样本阅览室/ [索取号:U661.3/49] | 在馆 |